|
|
|
|
| LEADER |
01596cas a2200241 a 4500 |
| 001 |
AALejournalIMF005163 |
| 008 |
230101c9999 xx r poo 0 0eng d |
| 020 |
|
|
|c 5.00 USD
|
| 020 |
|
|
|z 9781451870176
|
| 022 |
|
|
|a 1018-5941
|
| 040 |
|
|
|a BD-DhAAL
|c BD-DhAAL
|
| 100 |
1 |
|
|a Flanagan, Mark.
|
| 245 |
1 |
0 |
|a Resolving a Large Contingent Fiscal Liability :
|b Eastern European Experiences /
|c Mark Flanagan.
|
| 264 |
|
1 |
|a Washington, D.C. :
|b International Monetary Fund,
|c 2008.
|
| 300 |
|
|
|a 1 online resource (40 pages)
|
| 490 |
1 |
|
|a IMF Working Papers
|
| 500 |
|
|
|a <strong>Off-Campus Access:</strong> No User ID or Password Required
|
| 500 |
|
|
|a <strong>On-Campus Access:</strong> No User ID or Password Required
|
| 506 |
|
|
|a Electronic access restricted to authorized BRAC University faculty, staff and students
|
| 520 |
3 |
|
|a On occasion, a government may find itself confronted with a need to address a large contingent or off balance sheet fiscal liability. Implementing a settlement raises issues of fiscal sustainability and macroeconomic stability. This paper surveys the key design issues, and draws lessons from recent Eastern European experience. It then considers in more detail the particular case of Ukraine, and how it might approach its own large contingent liability-the so-called lost savings-which at end-2007 amounted to as much as 18 percent of GDP.
|
| 538 |
|
|
|a Mode of access: Internet
|
| 830 |
|
0 |
|a IMF Working Papers; Working Paper ;
|v No. 2008/159
|
| 856 |
4 |
0 |
|z Full text available on IMF
|u http://elibrary.imf.org/view/journals/001/2008/159/001.2008.issue-159-en.xml
|z IMF e-Library
|